Carta pastoral con motivo de la Gracia de Jubileo concedida por Nuestro Santísimo Padre Pío IX el Grande en le presente año de 1869

Detalles Bibliográficos
Autor principal: GUERRA, Ignacio Mateo
Formato: Libro
Publicado: Zacatecas 1869
Materias:
Colección:Banco de datos
Acervo:Biblioteca del Ex Convento de Nuestra Señora de Guadalupe. Zacatecas
Tema general:Pastoral
Notas:Buena. XXI,5,16 (6669)
LEADER 00760nam a22001930004500
035 |a 44362 
036 |a 5546 
100 1 |a GUERRA, Ignacio Mateo 
245 1 0 |a Carta pastoral con motivo de la Gracia de Jubileo concedida por Nuestro Santísimo Padre Pío IX el Grande en le presente año de 1869 
260 |a Zacatecas  |b imp. Mariano Ruíz de Esparza  |c 1869 
500 |a Buena. XXI,5,16 (6669) 
650 1 0 |a Pastoral 
949 |a CRZ-CG 
959 |a Ex convento de Nuestra Señora de Guadalupe, Museo Regional de Zacatecas, Zacatecas  |b CCC4 
960 |a Convento de Nuestra Señora de Guadalupe, Zacatecas  |b DD87 
961 |a Franciscana  |b OF 
942 |c CRZ-CG 
943 |g Biblioteca del Ex Convento de Nuestra Señora de Guadalupe. Zacatecas 
999 |c 968489  |d 968489